LEADER 01127nam0-2200361---450- 001 990009988310403321 005 20150730115828.0 010 $a978-88-89324-20-2 035 $a000998831 035 $aFED01000998831 035 $a(Aleph)000998831FED01 035 $a000998831 100 $a20150727d2009----km-y0itay50------ba 101 0 $aita 102 $aIT 105 $aa---b---001yy 200 1 $aLook At Festival 2009$evideoart & music festival: Lucca, Ex Manifattura Tabacchi, 22-30 maggio 2009$f[catalogo a cura di Elena Marcheschi] 210 $aLucca$cFondazione Ragghianti studi sull'arte$d2009 215 $a53 p.$cill.$d27x23 cm 300 $aCatalogo della mostra 516 1 $aVideoart & music festival 610 0 $aVideo art$aEsposizioni$a2009 610 0 $aVideoinstallazioni$a2000-2010 676 $a709.04 676 $a700.905 702 1$aMarcheschi,$bElena$f<1975- > 801 0$aIT$bUNINA$gRICA$2UNIMARC 901 $aBK 912 $a990009988310403321 952 $a709.04 MOSTRE LUCCA 2009$bbibl.$fFLFBC 959 $aFLFBC 996 $aLook at festival 2009$91124550 997 $aUNINA LEADER 01120nam1-22003131i-450 001 990005569130403321 005 20201012115139.0 035 $a000556913 035 $aFED01000556913 035 $a(Aleph)000556913FED01 035 $a000556913 100 $a19990604d1959----km-y0itay50------ba 101 0 $aita 105 $aaf------00--- 200 1 $a2.1.: Fresh lights on origins and external relations$eThe restoration in town and palace after seismic catastrophe towards close of M.M. III, and beginnings of the New era$fby Sir Arthur Evans 210 $aMilano$cFrancesco Villardi$d1959 215 $aXXVI, 477 p., 30 tav.$cill. 30 cm 300 $a, 461 0$1001000556896$12001$aSTORIA Universale Vallardi$fdirettore Ernesto Pontieri 676 $a909$v21$zita 700 1$aAndreotti,$bRoberto$f<1908-1989>$0159026 702 1$aPincherle,$bAlberto 801 0$aIT$bUNINA$gRICA$2UNIMARC 901 $aBK 912 $a990005569130403321 952 $a909 PON 1 (2)$bST.MED.MOD. 1309$fFLFBC 959 $aFLFBC 996 $a2.1.: Fresh lights on origins and external relations$9606721 997 $aUNINA LEADER 02482oas 2200985 a 450 001 9910394364903321 005 20260127110532.0 011 $a2450-0119 035 $a(OCoLC)655570960 035 $a(CONSER) 2022238285 035 $a(CKB)110978978377037 035 $a(MiAaPQ)2046161 035 $a(DE-599)ZDB2905741-3 035 $a(DE-599)2905741-3 035 $a(EXLCZ)99110978978377037 100 $a20100811a19819999 uy 101 0 $apol 135 $aurun||||a|a|| 181 $ctxt$2rdacontent 182 $cc$2rdamedia 183 $acr$2rdacarrier 200 00$aActa Universitatis Lodziensis$iFolia linguistica 210 $a?o?dz? $cUniwersytet ?o?dzki$d1981- 210 3 $a?o?dz? $cWydawnictwo Uniwersytetu ?o?dzkiego 215 $a1 online resource (volumes) 225 1 $aActa Universitatis Lodziensis 300 $aRefereed/Peer-reviewed 311 08$a0208-6077 410 0$aActa Universitatis Lodziensis. 517 3 $aFolia linguistica 531 0 $aActa Univ. Lodz., Folia Linguist. 606 $aLinguistics$vPeriodicals 606 $aLinguistics 606 $aLinguistique 606 $alinguistics$2aat 606 $aLinguistics$2fast$3(OCoLC)fst00999202 606 $aTaalwetenschap$2gtt 606 $aTaalkunde$2gtt 606 $aJe?zyk polski$xczasopisma$2jhpk 606 $aJe?zykoznawstwo$vczasopisma$2jhpk 608 $aPeriodicals.$2fast 615 0$aLinguistics 615 2$aLinguistics. 615 6$aLinguistique. 615 7$alinguistics. 615 7$aLinguistics. 615 17$aTaalwetenschap. 615 17$aTaalkunde. 615 7$aJe?zyk polski$xczasopisma. 615 7$aJe?zykoznawstwo 676 $a410 712 02$aUniwersytet ?o?dzki 801 0$bOCLCE 801 1$bOCLCE 801 2$bOCLCQ 801 2$bOCLCF 801 2$bOCLCO 801 2$bOCLCQ 801 2$bOCLCO 801 2$bCOO 801 2$bVDB 801 2$bWYU 801 2$bAU@ 801 2$bUHL 801 2$bEQF 801 2$bSXB 801 2$bS2H 801 2$bUWK 801 2$bUX1 801 2$bOCLCQ 801 2$bTOH 801 2$bVT2 801 2$bAUD 801 2$bEUN 801 2$bOCLCQ 801 2$bLIP 801 2$bOCLCO 801 2$bOCLCQ 801 2$bCUS 801 2$bOCLCL 801 2$bOCLCQ 906 $aJOURNAL 912 $a9910394364903321 996 $aActa Universitatis Lodziensis$91932595 997 $aUNINA